Druhý domov : deset kapitol na téma Praha a slovenská literatura /

Hlavní autor: Charous, Emil, 1928-2017
Jazyk: Čeština
Vydáno: Praha : Trilabit, 1998
Vydání: Vyd. 1.
Témata:
Fyzický popis: 111 s., [16] s. obrazových příloh ; 21 cm
Knihy
Uloženo v:
LEADER 01472nam a2200409 a 4500
001 000421563
003 CZ BrMZK
005 20210326055658.0
007 ta
008 990315s1998 xr e cze d
015 |a cnb000662427 
020 |a 80-902681-0-2 
035 |a (OCoLC)43441372 
040 |a BOA001  |b cze 
043 |a e-xo---  |a e-xr---  |b e-xr-pg  |2 czenas 
072 7 |a 821.162.09  |x Západoslovanské literatury (o nich)  |2 Konspekt  |9 11 
080 |a 821.162.4  |2 MRF 
080 |a 821.162.3  |2 MRF 
080 |a 316.72/.75  |2 MRF 
080 |a (437.6)  |2 MRF 
080 |a (437.311)  |2 MRF 
080 |a (048.8)  |2 MRF 
100 1 |a Charous, Emil,  |d 1928-2017  |7 jk01050088  |4 aut 
245 1 0 |a Druhý domov :  |b deset kapitol na téma Praha a slovenská literatura /  |c Emil Charous 
250 |a Vyd. 1. 
260 |a Praha :  |b Trilabit,  |c 1998 
300 |a 111 s., [16] s. obrazových příloh ;  |c 21 cm 
500 |a Bibliogr. 
650 0 7 |a slovenská literatura  |7 ph125661  |2 czenas 
650 0 7 |a česká literatura  |7 ph116858  |2 czenas 
651 7 |a Slovensko  |7 ge128580  |x kulturní vztahy  |2 czenas 
651 7 |a Praha (Česko)  |7 ge118011  |x kulturní vztahy  |2 czenas 
655 7 |a studie  |7 fd133597  |2 czenas 
910 |a BOA001  |b 2-1059.907 
990 |a BK 
996 6 |b 2610093730  |c 2-1059.907  |l MZK  |r Sklad / do 1 hodiny  |n 4  |p p.v.  |w 000421563  |u 000010  |a 1  |e BOA001  |j MZK50  |s P 
996 7 |b 2610228949  |c 2-1059.907  |l MZK  |r Sklad / do 1 hodiny  |n 7  |p p.v.  |w 000421563  |u 000020  |a 1  |e BOA001  |j MZK50  |s A